00315nam a2200133Ia 4500008004100000020001500041041001200056100001500068245003900083250000800122260003300130300000800163650001000171221030s9999 xx 000 0 und d a8131211175 aEnglish aF. G. Bell 0aEngineering Geologycby F. G. Bell a2nd bReed ElsevieraHaryanac2016 a581 aCivil